[Event "Staufer op 33rd"]
[Site "Schwaebisch Gmuend"]
[Date "2023.01.05"]
[Round "7"]
[White "Dolzhikova, Kateryna"]
[Black "Neumair, Jerome"]
[Result "1-0"]
[WhiteElo "2244"]
[BlackElo "2103"]
[PlyCount "93"]
[EventDate "2023.01.02"]
[EventType "swiss"]
[EventRounds "9"]
[EventCountry "GER"]
[SourceTitle "CBM 212 Extra"]
[Source "ChessBase"]
[SourceDate "2023.03.31"]
[SourceVersion "1"]
[SourceVersionDate "2023.03.31"]
[SourceQuality "1"]

1. e4 e6 2. d3 d5 3. Nd2 Nf6 4. Ngf3 b6 5. e5 Nfd7 6. d4 c5 7. c3 Be7 8. h4 Ba6 9. Bxa6 Nxa6 10. Nf1 Nab8 11. h5 Nc6 12. h6 g6 13. Ne3 b5 14. Ng4 Qb6 15. dxc5 Qxc5 16. Be3 Qc4 17. Nd2 Qd3 18. Rh3 Qf5 19. Qe2 0-0 20. f4 d4 21. Bxd4 Nxd4 22. cxd4 Qxf4 23. 0-0-0 Bb4 24. Kb1 Bxd2 25. Rxd2 Rac8 26. Rd1 Rc4 27. b3 Rc7 28. Qf3 Qxf3 29. Rxf3 Nb6 30. Nf6+ Kh8 31. Rdf1 Rd8 32. Ne4 Kg8 33. Ng5 Nd5 34. Rxf7 Rdc8 35. Rxc7 Rxc7 36. Nxe6 Rc8 37. Nc5 Ne3 38. Rf4 Nf5 39. e6 Rd8 40. Rxf5 gxf5 41. Nd7 Rc8 42. d5 Rc3 43. d6 Re3 44. Nf6+ Kf8 45. Nxh7+ Ke8 46. Nf6+ Kf8 47. e7+ 1-0

[Event "GER-chT U20"]
[Site "Naumburg Saale"]
[Date "2014.12.30"]
[Round "7.3"]
[White "Neumair, Jerome"]
[Black "Werthmann, Nils"]
[Result "1/2-1/2"]
[WhiteElo "2101"]
[BlackElo "1873"]
[PlyCount "65"]
[EventDate "2014.12.27"]
[EventType "team-swiss"]
[EventRounds "7"]
[EventCountry "GER"]
[SourceTitle "EXT 2016"]
[Source "ChessBase"]
[SourceDate "2015.10.08"]
[SourceVersion "1"]
[SourceVersionDate "2015.10.08"]
[SourceQuality "1"]
[WhiteTeam "Solingen"]
[BlackTeam "Potsdam USV"]
[WhiteTeamCountry "GER"]
[BlackTeamCountry "GER"]

1. d4 d5 2. c4 Nc6 3. Nf3 Bg4 4. cxd5 Bxf3 5. gxf3 Qxd5 6. e3 e5 7. Nc3 Bb4 8. a3 Bxc3+ 9. bxc3 exd4 10. cxd4 0-0-0 11. Rb1 Nf6 12. Bh3+ Kb8 13. Qb3 Qxb3 14. Rxb3 Rhe8 15. 0-0 Na5 16. Rb5 Rd5 17. Rxd5 Nxd5 18. e4 Nc3 19. Re1 Nb3 20. Bb2 Nd5 21. Rd1 Nf4 22. Bf1 f6 23. Bc3 Rd8 24. Bc4 Nc5 25. d5 Nd7 26. Kh1 Ne5 27. Bxe5 fxe5 28. Rg1 Ng6 29. Rg5 a6 30. f4 exf4 31. e5 b5 32. Bb3 Kb7 33. h4 1/2-1/2

[Event "Bundesliga 1314"]
[Site "Germany"]
[Date "2014.02.22"]
[Round "9.8"]
[White "Neumair, Jerome"]
[Black "Schlosser, Philipp"]
[Result "0-1"]
[WhiteElo "2109"]
[BlackElo "2602"]
[PlyCount "58"]
[EventDate "2013.10.12"]
[EventType "team-tourn"]
[EventRounds "15"]
[EventCountry "GER"]
[SourceTitle "CBM 159"]
[Source "ChessBase"]
[SourceDate "2014.03.17"]
[SourceVersion "1"]
[SourceVersionDate "2014.03.17"]
[SourceQuality "1"]
[WhiteTeam "Solingen"]
[BlackTeam "Baden-Baden"]
[WhiteTeamCountry "GER"]
[BlackTeamCountry "GER"]

1. d4 Nf6 2. c4 e6 3. Nc3 Bb4 4. f3 0-0 5. a3 Bxc3+ 6. bxc3 Ne8 7. e4 b6 8. Bd3 Ba6 9. Be3 Nc6 10. Qe2 Na5 11. e5 c5 12. f4 d5 13. cxd5 Bxd3 14. Qxd3 Qxd5 15. Nf3 Rc8 16. 0-0 Qc4 17. Rfd1 cxd4 18. Bxd4 Nc7 19. Ng5 Qxd3 20. Rxd3 Nd5 21. g3 Nb3 22. Rad1 Nc5 23. Bxc5 Rxc5 24. Rc1 Rfc8 25. c4 h6 26. Ne4 Rxc4 27. Re1 Rc1 28. Kf2 R8c2+ 29. Re2 Rh1 0-1

[Event "GER-ch U18"]
[Site "Oberhof"]
[Date "2013.05.24"]
[Round "8"]
[White "Neumair, Jerome"]
[Black "Hacker, Jonas"]
[Result "0-1"]
[WhiteElo "2098"]
[BlackElo "1965"]
[PlyCount "110"]
[EventDate "2013.05.19"]
[EventType "swiss"]
[EventRounds "9"]
[EventCountry "GER"]
[SourceTitle "CBM 154 Extra"]
[Source "ChessBase"]
[SourceDate "2013.06.25"]
[SourceVersion "2"]
[SourceVersionDate "2013.06.25"]
[SourceQuality "1"]

1. d4 d5 2. c4 c6 3. Nf3 Nf6 4. Qc2 a6 5. g3 b5 6. b3 Bg4 7. Nbd2 e6 8. Bg2 Bf5 9. Qc3 Nbd7 10. Nh4 Bg4 11. c5 Be7 12. f4 Bf5 13. Nxf5 exf5 14. 0-0 a5 15. a4 b4 16. Qc2 g6 17. Nf3 Qc7 18. Ne5 h5 19. h4 Ng4 20. Nxg4 hxg4 21. Be3 Bf6 22. Rad1 Bg7 23. Kf2 Nf6 24. Ke1 Kd7 25. Bf2 Rae8 26. Kd2 Rxh4 27. gxh4 Qxf4+ 28. e3 Qh2 29. Kc1 Qxg2 30. Rg1 Qf3 31. Rg3 Qe4 32. Qe2 Ra8 33. Rgg1 f4 34. Qd3 f3 35. Bg3 Qxd3 36. Rxd3 Ne4 37. Bf4 f5 38. Rdd1 Bf6 39. Rh1 Nf2 40. Bg3 Nxd1 41. Kxd1 Rh8 42. Rh2 Bd8 43. Ke1 Bc7 44. Kf2 Bxg3+ 45. Kxg3 Rh5 46. Rf2 Ke6 47. Rc2 Kf6 48. e4 fxe4 49. Kxg4 Rf5 50. Rf2 e3 51. Rxf3 Rxf3 52. Kxf3 Kf5 53. Kxe3 Kg4 54. Kf2 Kxh4 55. Kf3 g5 0-1

[Event "GER-ch U18"]
[Site "Oberhof"]
[Date "2013.05.21"]
[Round "5"]
[White "Hebbering, Tom Elliot"]
[Black "Neumair, Jerome"]
[Result "0-1"]
[WhiteElo "2002"]
[BlackElo "2098"]
[PlyCount "84"]
[EventDate "2013.05.19"]
[EventType "swiss"]
[EventRounds "9"]
[EventCountry "GER"]
[SourceTitle "CBM 154 Extra"]
[Source "ChessBase"]
[SourceDate "2013.06.25"]
[SourceVersion "2"]
[SourceVersionDate "2013.06.25"]
[SourceQuality "1"]

1. d4 Nf6 2. c4 Nc6 3. Nf3 e6 4. g3 Bb4+ 5. Bd2 Qe7 6. Qc2 0-0 7. Bg2 Bxd2+ 8. Nbxd2 d6 9. 0-0 e5 10. e3 h6 11. Qc3 e4 12. Ne1 Bf5 13. b4 Qd7 14. f3 exf3 15. Bxf3 d5 16. Ng2 Rfe8 17. cxd5 Nxd5 18. Qc5 Nde7 19. b5 Nd8 20. e4 Bh3 21. Qc4 Ne6 22. Nb3 c6 23. bxc6 bxc6 24. d5 cxd5 25. exd5 Ng5 26. d6 Rac8 27. Qf4 Ng6 28. Qd4 Nxf3+ 29. Rxf3 Bxg2 30. Kxg2 Re2+ 31. Rf2 Rxf2+ 32. Qxf2 Qxd6 33. Rf1 Qd5+ 34. Kg1 Ne5 35. h3 Rc3 36. Qg2 Qd3 37. Kh2 Nf3+ 38. Kh1 Ne5 39. Kh2 Rc2 40. Rf2 Nf3+ 41. Kh1 Qd1+ 42. Qf1 Rxf2 0-1

[Event "GER-ch U18"]
[Site "Oberhof"]
[Date "2013.05.19"]
[Round "2"]
[White "Neumair, Jerome"]
[Black "Sieber, Martin1111"]
[Result "1-0"]
[WhiteElo "2098"]
[BlackElo "1865"]
[PlyCount "111"]
[EventDate "2013.05.19"]
[EventType "swiss"]
[EventRounds "9"]
[EventCountry "GER"]
[SourceTitle "CBM 154 Extra"]
[Source "ChessBase"]
[SourceDate "2013.06.25"]
[SourceVersion "2"]
[SourceVersionDate "2013.06.25"]
[SourceQuality "1"]

1. d4 Nf6 2. c4 e6 3. Nc3 Bb4 4. f3 d5 5. a3 Bxc3+ 6. bxc3 c5 7. cxd5 Nxd5 8. dxc5 Qa5 9. e4 Ne7 10. Be3 0-0 11. Qb3 Qc7 12. a4 Nd7 13. Qa3 Ne5 14. Nh3 Rd8 15. Be2 Bd7 16. 0-0 Rac8 17. a5 Be8 18. a6 bxa6 19. Qxa6 Nd7 20. Qxa7 Nxc5 21. Qa3 Ng6 22. Rfb1 Na4 23. c4 Ne5 24. Rc1 Nc5 25. Nf2 Rd6 26. Bf4 Rb6 27. Qc3 f6 28. Bxe5 fxe5 29. Rab1 Rcb8 30. Rxb6 Rxb6 31. Ng4 Nd7 32. h3 h5 33. Ne3 Qc5 34. Kh2 Ra6 35. Nc2 Nf8 36. Qe3 Qc7 37. Nb4 Rb6 38. Nd3 Ng6 39. Qc5 Rc6 40. Qb5 Nf4 41. Bf1 Nxd3 42. Bxd3 Kf7 43. c5 Qd8 44. Bc4 Qg5 45. Ra1 Qe7 46. Qb8 Rc7 47. Ra6 Bc6 48. Qh8 Kg6 49. Be2 Qf7 50. g3 Bxe4 51. f4 exf4 52. Bxh5+ Kf6 53. Bxf7 fxg3+ 54. Kxg3 Kxf7 55. Qh5+ Bg6 56. Qe5 1-0

[Event "Solingen Karneval op"]
[Site "Solingen"]
[Date "2013.02.09"]
[Round "2"]
[White "Neumair, Jerome"]
[Black "Herzum, Peter"]
[Result "1/2-1/2"]
[WhiteElo "2098"]
[BlackElo "1854"]
[PlyCount "51"]
[EventDate "2013.02.08"]
[EventType "swiss"]
[EventRounds "5"]
[EventCountry "GER"]
[SourceTitle "EXT 2015"]
[Source "ChessBase"]
[SourceDate "2014.11.20"]
[SourceVersion "1"]
[SourceVersionDate "2014.11.20"]
[SourceQuality "1"]

1. d4 Nf6 2. c4 c5 3. d5 b5 4. cxb5 a6 5. bxa6 g6 6. Nc3 Bxa6 7. g3 d6 8. Bg2 Bg7 9. Nf3 0-0 10. 0-0 Nbd7 11. Qc2 Qa5 12. Bd2 Rfb8 13. a4 Qb6 14. Rfb1 Bc4 15. e4 Ng4 16. Bf1 Bb3 17. Qc1 c4 18. Be1 Nc5 19. h3 Ne5 20. Nxe5 Bxe5 21. a5 Rxa5 22. Rxa5 Qxa5 23. Ra1 Qb6 24. Qe3 Bc2 25. Bxc4 Nxe4 26. Ra8 1/2-1/2

[Event "Solingen-ch"]
[Site "Solingen"]
[Date "2012.11.23"]
[Round "6"]
[White "Neumair, Jerome"]
[Black "Kniest, Oliver"]
[Result "1/2-1/2"]
[WhiteElo "2077"]
[BlackElo "2289"]
[PlyCount "140"]
[EventDate "2012.09.14"]
[EventType "swiss"]
[EventRounds "7"]
[EventCountry "GER"]
[SourceTitle "EXT 2015"]
[Source "ChessBase"]
[SourceDate "2014.11.20"]
[SourceVersion "1"]
[SourceVersionDate "2014.11.20"]
[SourceQuality "1"]

1. d4 Nf6 2. c4 g6 3. Nc3 d5 4. Bg5 Ne4 5. Bh4 Nxc3 6. bxc3 dxc4 7. e3 Be6 8. Nf3 Nd7 9. Be2 Nb6 10. 0-0 Bg7 11. e4 0-0 12. Qc1 h6 13. Nd2 c5 14. d5 Bd7 15. Rb1 Na4 16. Bxc4 b5 17. Rxb5 Bxb5 18. Bxb5 Nxc3 19. Bc4 Rb8 20. Qa3 Rb2 21. e5 Rxd2 22. Qxc3 Rd4 23. Bg3 Qb6 24. a3 h5 25. h3 Bh6 26. Qc2 Kh7 27. f4 f5 28. Rb1 Rxc4 29. Rxb6 Rxc2 30. Rb7 Re8 31. d6 Kg8 32. d7 Rd8 33. e6 Bg7 34. Rxa7 Bd4+ 35. Kf1 Rb2 36. Rc7 Kg7 37. Bh4 Kf8 38. Be1 Rbb8 39. Ba5 Kg7 40. Rc6 Rf8 41. Bc7 Ra8 42. a4 Bc3 43. Rxc5 Bb4 44. Rb5 Ba3 45. Be5+ Kg8 46. a5 Rfd8 47. Rb7 Rxa5 48. Rb8 Ra8 49. Rxd8+ Rxd8 50. Bc7 Ra8 51. d8Q+ Rxd8 52. Bxd8 Kg7 53. Ba5 Kf6 54. Bc3+ Kxe6 55. Ke2 Kd5 56. Kf3 Kc4 57. Bg7 Bc1 58. Be5 Kd3 59. h4 Be3 60. g3 Bd4 61. Bc7 Kd2 62. Ba5+ Bc3 63. Bb6 Ke1 64. Bc5 e6 65. Bb6 Kf1 66. Bc5 e5 67. fxe5 Bxe5 68. Be3 Ke1 69. Bc5 Kd2 70. Bb6 Kd3 1/2-1/2

[Event "NRW Class2 1213"]
[Site "Germany"]
[Date "2012.09.16"]
[Round "1.5"]
[White "Neumair, Jerome"]
[Black "Van Lanen, Toon"]
[Result "1-0"]
[WhiteElo "2079"]
[BlackElo "2123"]
[PlyCount "71"]
[EventDate "2012.09.16"]
[EventType "team-tourn"]
[EventRounds "9"]
[EventCountry "GER"]
[SourceTitle "EXT 2017"]
[Source "ChessBase"]
[SourceDate "2016.10.25"]
[SourceVersion "1"]
[SourceVersionDate "2016.10.25"]
[SourceQuality "1"]
[WhiteTeam "Solingen III"]
[BlackTeam "Gerresheim"]
[WhiteTeamCountry "GER"]
[BlackTeamCountry "GER"]

1. d4 d5 2. c4 e6 3. Nc3 c5 4. cxd5 exd5 5. Nf3 Nc6 6. g3 c4 7. Bg2 Bb4 8. 0-0 Nge7 9. Bf4 Qa5 10. Na4 Qd8 11. a3 Bd6 12. Ne5 0-0 13. Nxc6 bxc6 14. Bxd6 Qxd6 15. b3 cxb3 16. Qxb3 Ba6 17. Qc2 Rfb8 18. Rfc1 Bc4 19. Nc5 f5 20. e3 Rb6 21. Bf1 Bxf1 22. Kxf1 Rab8 23. Rab1 g6 24. a4 a5 25. Rxb6 Rxb6 26. Rb1 Nc8 27. Rb3 Qe7 28. h4 Kf7 29. Nd3 Rxb3 30. Qxb3 Ke8 31. Qb8 Kd8 32. Ne5 Qc7 33. Qa8 Ke7 34. Nxc6+ Kd6 35. Nxa5 Nb6 36. Qf8+ 1-0

[Event "EU-chT U18"]
[Site "Iasi"]
[Date "2011.07.17"]
[Round "3.4"]
[White "Ninov, Dayan"]
[Black "Neumair, Jerome"]
[Result "1-0"]
[WhiteElo "2094"]
[BlackElo "2091"]
[PlyCount "89"]
[EventDate "2011.07.15"]
[EventType "team-swiss"]
[EventRounds "7"]
[EventCountry "ROU"]
[SourceTitle "CBM 143 Extra"]
[Source "ChessBase"]
[SourceDate "2011.08.29"]
[SourceVersion "1"]
[SourceVersionDate "2011.08.29"]
[SourceQuality "1"]
[WhiteTeam "Bulgaria U18"]
[BlackTeam "Germany U18"]
[WhiteTeamCountry "BUL"]
[BlackTeamCountry "GER"]

1. Nf3 d5 2. g3 Nf6 3. Bg2 e6 4. 0-0 Be7 5. d4 0-0 6. c4 dxc4 7. Qc2 a6 8. a4 c5 9. dxc5 Bxc5 10. Rd1 Qb6 11. e3 Nc6 12. Bd2 e5 13. Bc3 Bg4 14. Nbd2 Qc7 15. Rdc1 b5 16. axb5 axb5 17. Rxa8 Rxa8 18. Nxe5 Bd7 19. Nxc6 Bxc6 20. Bxf6 gxf6 21. Bxc6 Qxc6 22. Nxc4 bxc4 23. Qxc4 Qb6 24. Qxc5 Qxb2 25. Rc4 Qe2 26. Kg2 h5 27. Rc2 Qd1 28. Rc1 Qe2 29. Qc6 Ra6 30. Qe8+ Kg7 31. Rc7 Qa2 32. Rc8 Kg6 33. Qg8+ Kf5 34. Rc5+ Ke6 35. Qc8+ Kd6 36. Rc4 f5 37. Rd4+ Ke5 38. Qh8+ Ke6 39. Qh6+ f6 40. Qxh5 Ra8 41. Qf3 Qa6 42. Qd5+ Ke7 43. Qd7+ Kf8 44. Rh4 Kg8 45. Rh7 1-0

[Event "EU-chT U18"]
[Site "Iasi"]
[Date "2011.07.15"]
[Round "1.2"]
[White "Nagy, Gabor"]
[Black "Neumair, Jerome"]
[Result "1-0"]
[WhiteElo "2388"]
[BlackElo "2091"]
[PlyCount "89"]
[EventDate "2011.07.15"]
[EventType "team-swiss"]
[EventRounds "7"]
[EventCountry "ROU"]
[SourceTitle "CBM 143 Extra"]
[Source "ChessBase"]
[SourceDate "2011.08.29"]
[SourceVersion "1"]
[SourceVersionDate "2011.08.29"]
[SourceQuality "1"]
[WhiteTeam "Hungary U18"]
[BlackTeam "Germany U18"]
[WhiteTeamCountry "HUN"]
[BlackTeamCountry "GER"]

1. e4 e6 2. d4 d5 3. Nd2 Nc6 4. Ngf3 Nf6 5. e5 Nd7 6. Be2 f6 7. exf6 Qxf6 8. Nf1 Bd6 9. Ne3 0-0 10. 0-0 Qg6 11. c4 Nf6 12. c5 Be7 13. Bb5 Bd7 14. Nc2 b6 15. b4 Nxb4 16. Bxd7 Nxc2 17. Bxe6+ Kh8 18. Nh4 Qe4 19. Bg5 Qxe6 20. Qxc2 Ne4 21. Bxe7 Qxe7 22. g3 bxc5 23. f3 cxd4 24. fxe4 dxe4 25. Rxf8+ Rxf8 26. Re1 e3 27. Ng2 c5 28. Nf4 g5 29. Nd3 Rc8 30. Qb2 Qe4 31. Nxc5 Qd5 32. Nb3 Rc3 33. Rf1 Kg7 34. Qa3 e2 35. Qe7+ Kg6 36. Rf6+ Kh5 37. Qxe2+ g4 38. Rf4 Rf3 39. Qe8+ Kh6 40. Qf8+ Kh5 41. Rxf3 gxf3 42. Kf2 Kg6 43. Qxf3 Qc4 44. Qe4+ Kh6 45. Qxd4 1-0

[Event "GER-ch U16"]
[Site "Oberhof"]
[Date "2011.06.18"]
[Round "9"]
[White "Neumair, Jerome"]
[Black "Powierski, Emil"]
[Result "1/2-1/2"]
[WhiteElo "2115"]
[BlackElo "2000"]
[PlyCount "49"]
[EventDate "2011.06.11"]
[EventType "swiss"]
[EventRounds "9"]
[EventCountry "GER"]
[SourceTitle "CBM 142 Extra"]
[Source "ChessBase"]
[SourceDate "2011.06.27"]
[SourceVersion "1"]
[SourceVersionDate "2011.06.27"]
[SourceQuality "1"]

1. d4 Nf6 2. c4 c5 3. d5 b5 4. cxb5 a6 5. bxa6 g6 6. Nc3 Bxa6 7. g3 d6 8. Bg2 Bg7 9. Nf3 Nfd7 10. 0-0 Nb6 11. Re1 N8d7 12. e4 0-0 13. Qc2 Nc4 14. Bf4 Qa5 15. Rac1 Rfb8 16. b3 Nce5 17. Nxe5 Nxe5 18. Red1 c4 19. Bxe5 Bxe5 20. Ne2 cxb3 21. axb3 Bxe2 22. Qxe2 Rxb3 23. Rc2 Rab8 24. h4 Qb5 25. Qxb5 1/2-1/2

[Event "GER-ch U16"]
[Site "Oberhof"]
[Date "2011.06.14"]
[Round "4"]
[White "Kaphle, Sebastian"]
[Black "Neumair, Jerome"]
[Result "1/2-1/2"]
[WhiteElo "2171"]
[BlackElo "2115"]
[PlyCount "240"]
[EventDate "2011.06.11"]
[EventType "swiss"]
[EventRounds "9"]
[EventCountry "GER"]
[SourceTitle "CBM 142 Extra"]
[Source "ChessBase"]
[SourceDate "2011.06.27"]
[SourceVersion "1"]
[SourceVersionDate "2011.06.27"]
[SourceQuality "1"]

1. e4 e6 2. d4 d5 3. e5 c5 4. c3 Nc6 5. Nf3 Bd7 6. a3 c4 7. Nbd2 Na5 8. h4 Bc6 9. g3 Qd7 10. Bh3 Ba4 11. Qe2 Bc2 12. Qe3 0-0-0 13. 0-0 h6 14. Ne1 Bh7 15. f4 Ne7 16. h5 g6 17. hxg6 Bxg6 18. Ng2 Bd3 19. Re1 Nf5 20. Qf3 h5 21. b4 Nc6 22. Bxf5 Bxf5 23. Ne3 Bd3 24. Qf2 Be7 25. Nf3 Rdg8 26. Kh2 Bd8 27. Bd2 Ne7 28. Nh4 Ng6 29. Nxg6 fxg6 30. Ng2 Qf7 31. Be3 Qf5 32. Nh4 Qg4 33. Qg2 Bxh4 34. gxh4 Qxh4+ 35. Qh3 Qe7 36. Ra2 Bf5 37. Qg3 h4 38. Qg5 Qf7 39. Qf6 Qxf6 40. exf6 Rf8 41. Rg1 Rxf6 42. a4 Rf7 43. Rg5 Rh5 44. Rg1 Kd7 45. Rf2 a5 46. b5 Ke7 47. Bc1 Bd3 48. Be3 Be4 49. Kh3 Bf5+ 50. Kh2 h3 51. Rg3 Rfh7 52. Bc1 Kf6 53. Ba3 g5 54. fxg5+ Rxg5 55. Rxg5 Kxg5 56. Bd6 Rd7 57. Be5 Kg6 58. Kg3 Kf7 59. Kf4 Ke8 60. Rh2 Rf7 61. Kg5 Kd7 62. Bf6 Rf8 63. Bg7 Rf7 64. Bf6 Ke8 65. Rh1 Rh7 66. Rh2 Bc2 67. Be5 Bxa4 68. Kg6 Re7 69. Rxh3 Kd7 70. Bf6 Bc2+ 71. Kg5 Rf7 72. Rh2 Be4 73. Rh8 a4 74. Rh2 Rh7 75. Ra2 Rh1 76. Be5 Rb1 77. Bf4 Rxb5 78. Rxa4 Rb3 79. Bd2 Rb2 80. Be1 Kc6 81. Kf4 Bc2 82. Ra8 b5 83. Ra6+ Kd7 84. Ra7+ Kc6 85. Ra6+ Kb7 86. Rxe6 Be4 87. Ke3 b4 88. cxb4 Rb3+ 89. Ke2 c3 90. Re7+ Kb6 91. Re8 Rb2+ 92. Ke3 c2 93. Rc8 Rb1 94. Bd2 Kb5 95. Rc5+ Ka4 96. b5 Rb3+ 97. Ke2 Bd3+ 98. Kf2 Bc4 99. b6 Rxb6 100. Ra5+ Kb3 101. Bc1 Rf6+ 102. Ke3 Re6+ 103. Kf2 Kc3 104. Ra3+ Kxd4 105. Bb2+ Kc5 106. Rc3 Re2+ 107. Kf3 Rh2 108. Kg3 Rd2 109. Bc1 Re2 110. Kf3 Rh2 111. Kg3 Re2 112. Kf3 Re8 113. Rxc2 Kb4 114. Bb2 Kb3 115. Rd2 Re7 116. Kf4 Ra7 117. Bf6 Rf7 118. Kg5 Kb4 119. Rd4 Kc5 120. Be5 Rb7 1/2-1/2

[Event "GER-ch U16"]
[Site "Oberhof"]
[Date "2011.06.14"]
[Round "5"]
[White "Neumair, Jerome"]
[Black "Goebel, Constantin"]
[Result "0-1"]
[WhiteElo "2115"]
[BlackElo "2148"]
[PlyCount "128"]
[EventDate "2011.06.11"]
[EventType "swiss"]
[EventRounds "9"]
[EventCountry "GER"]
[SourceTitle "CBM 142 Extra"]
[Source "ChessBase"]
[SourceDate "2011.06.27"]
[SourceVersion "1"]
[SourceVersionDate "2011.06.27"]
[SourceQuality "1"]

1. d4 Nf6 2. c4 e6 3. Nc3 Bb4 4. f3 d5 5. a3 Bxc3+ 6. bxc3 c5 7. cxd5 Nxd5 8. dxc5 Qa5 9. e4 Nf6 10. Be3 0-0 11. Qb3 Nfd7 12. Bb5 Qc7 13. Ne2 Nxc5 14. Qc4 b6 15. 0-0 e5 16. Qd5 Bb7 17. Qa2 Nbd7 18. Rfd1 Rac8 19. Rac1 Nf6 20. Ng3 Rcd8 21. a4 Bc8 22. Bc4 Bd7 23. Bb3 Nxb3 24. Qxb3 Be6 25. Qb4 h6 26. Nf1 Rxd1 27. Rxd1 Rc8 28. Rc1 Nd7 29. a5 bxa5 30. Qa3 Nc5 31. Nd2 a4 32. c4 Bd7 33. Kh1 Qd6 34. Qc3 Qd3 35. Qxd3 Nxd3 36. Ra1 Nc5 37. Rb1 Be6 38. Rb4 a5 39. Rb5 Nb3 40. Nxb3 axb3 41. Rxb3 Rxc4 42. Ra3 a4 43. Kg1 Kf8 44. Kf1 Ke7 45. Ke1 Kd7 46. Kd2 h5 47. g3 Ke7 48. Kd3 Kf6 49. f4 Rb4 50. h4 Bb3 51. Ra1 Bc4+ 52. Kc3 Rb3+ 53. Kxc4 Rxe3 54. Kd5 Rd3+ 55. Kc5 a3 56. Rb1 exf4 57. gxf4 g6 58. Rb6+ Kg7 59. f5 g5 60. hxg5 h4 61. Rb7 h3 62. g6 h2 63. Rxf7+ Kg8 64. Rh7 a2 0-1

[Event "Oberliga Nord W 1011"]
[Site "Germany"]
[Date "2011.02.06"]
[Round "6.5"]
[White "Peters, Frank"]
[Black "Neumair, Jerome"]
[Result "0-1"]
[WhiteElo "2131"]
[BlackElo "2055"]
[PlyCount "62"]
[EventDate "2010.10.10"]
[EventType "team-tourn"]
[EventRounds "9"]
[EventCountry "GER"]
[SourceTitle "EXT 2012"]
[Source "ChessBase"]
[SourceDate "2011.11.24"]
[SourceVersion "1"]
[SourceVersionDate "2011.11.24"]
[SourceQuality "1"]
[WhiteTeam "Bremer SG"]
[BlackTeam "Hannover PSC"]
[WhiteTeamCountry "GER"]
[BlackTeamCountry "GER"]

1. c4 e6 2. g3 d5 3. d4 Nf6 4. Bg2 Be7 5. Nf3 0-0 6. 0-0 b6 7. cxd5 exd5 8. Nc3 Bb7 9. Bf4 c5 10. Rc1 Nc6 11. Qd3 c4 12. Qb1 a6 13. Rcd1 b5 14. e4 Nb4 15. Ne5 dxe4 16. Nxe4 Nxe4 17. Bxe4 Bxe4 18. Qxe4 Qd5 19. Qxd5 Nxd5 20. Nc6 Bf6 21. Be5 Rac8 22. Na7 Ra8 23. Nc6 Rfc8 24. Bxf6 Rxc6 25. Bg5 f6 26. Bc1 Rd8 27. Rfe1 Nb4 28. Re4 Nxa2 29. Bd2 b4 30. Be1 c3 31. bxc3 bxc3 0-1

[Event "Oberliga Nord W 1011"]
[Site "Germany"]
[Date "2010.12.12"]
[Round "4.4"]
[White "Bierenbroodspot, Paul"]
[Black "Neumair, Jerome"]
[Result "0-1"]
[WhiteElo "2213"]
[BlackElo "2055"]
[PlyCount "28"]
[EventDate "2010.10.10"]
[EventType "team-tourn"]
[EventRounds "9"]
[EventCountry "GER"]
[SourceTitle "EXT 2012"]
[Source "ChessBase"]
[SourceDate "2011.11.24"]
[SourceVersion "1"]
[SourceVersionDate "2011.11.24"]
[SourceQuality "1"]
[WhiteTeam "Nordhorn Blanke"]
[BlackTeam "Hannover PSC"]
[WhiteTeamCountry "GER"]
[BlackTeamCountry "GER"]

1. e4 e6 2. d3 d5 3. Nd2 Nf6 4. g3 dxe4 5. dxe4 e5 6. Bg2 Bc5 7. Ne2 Bxf2+ 8. Kxf2 Ng4+ 9. Kf3 Qf6+ 10. Nf4 exf4 11. gxf4 Nc6 12. Nb3 h5 13. Qd5 Qh4 14. Be3 Nf6 0-1

[Event "Oberliga Nord W 1011"]
[Site "Germany"]
[Date "2010.10.10"]
[Round "1.5"]
[White "Priebe, Jan"]
[Black "Neumair, Jerome"]
[Result "1/2-1/2"]
[WhiteElo "2244"]
[BlackElo "2055"]
[PlyCount "53"]
[EventDate "2010.10.10"]
[EventType "team-tourn"]
[EventRounds "9"]
[EventCountry "GER"]
[SourceTitle "EXT 2012"]
[Source "ChessBase"]
[SourceDate "2011.11.24"]
[SourceVersion "1"]
[SourceVersionDate "2011.11.24"]
[SourceQuality "1"]
[WhiteTeam "Goettingen Tempo"]
[BlackTeam "Hannover PSC"]
[WhiteTeamCountry "GER"]
[BlackTeamCountry "GER"]

1. e4 e6 2. d4 d5 3. Nd2 Nc6 4. Ngf3 Nf6 5. e5 Nd7 6. Be2 f6 7. exf6 Qxf6 8. Nf1 Bd6 9. Ne3 0-0 10. 0-0 Ne7 11. c4 dxc4 12. Nxc4 h6 13. Bd3 e5 14. Nxd6 Qxd6 15. Bc4+ Kh8 16. dxe5 Nxe5 17. Nxe5 Qxe5 18. Re1 Qc5 19. Qe2 Bg4 20. Be3 Bxe2 21. Bxc5 Bxc4 22. Rxe7 Rf7 23. Rae1 Bxa2 24. Rxf7 Bxf7 25. Re7 Re8 26. Rxe8+ Bxe8 27. Bxa7 1/2-1/2

[Event "EU-chT U18 10th"]
[Site "Pardubice"]
[Date "2010.07.19"]
[Round "5.4"]
[White "Krejci, Jan1111"]
[Black "Neumair, Jerome"]
[Result "1-0"]
[WhiteElo "2463"]
[BlackElo "2055"]
[PlyCount "115"]
[EventDate "2010.07.15"]
[EventType "team-tourn"]
[EventRounds "7"]
[EventCountry "CZE"]
[SourceTitle "EXT 2020"]
[Source "ChessBase"]
[SourceDate "2019.10.17"]
[SourceVersion "1"]
[SourceVersionDate "2019.10.17"]
[SourceQuality "1"]
[WhiteTeam "Czech Republic U18"]
[BlackTeam "Germany U18"]
[WhiteTeamCountry "CZE"]
[BlackTeamCountry "GER"]

1. d4 d5 2. Nf3 e6 3. e3 f5 4. c4 c6 5. Be2 Nf6 6. 0-0 Bd6 7. b3 Qe7 8. a4 Nbd7 9. Ba3 Bxa3 10. Nxa3 0-0 11. Nc2 e5 12. dxe5 Nxe5 13. cxd5 Nxd5 14. Nxe5 Qxe5 15. Bc4 Be6 16. Qd4 Qf6 17. Rfd1 g6 18. g3 Kf7 19. a5 Rfd8 20. a6 b6 21. b4 Rac8 22. Bxd5 Bxd5 23. Qf4 g5 24. Qd4 Bb3 25. Qxf6+ Kxf6 26. Rxd8 Rxd8 27. Nd4 Bd5 28. Rc1 g4 29. h3 h5 30. h4 Rd6 31. Kf1 Be4 32. Ke1 Ke7 33. Ne2 Kd7 34. Nf4 Rh6 35. Kd2 Kc7 36. Kc3 b5 37. Kd4 Kd6 38. Rc5 Rh7 39. Re5 Rh8 40. Re6+ Kc7 41. Re7+ Kb6 42. Ne6 c5+ 43. Nxc5 Rd8+ 44. Kc3 Rd1 45. Nxe4 fxe4 46. Re6+ Kc7 47. Rxe4 Rc1+ 48. Kd3 Kd6 49. Re8 Rf1 50. Rf8 Ke6 51. Ra8 Rxf2 52. Rxa7 Ra2 53. Rb7 Rxa6 54. Rxb5 Ra3+ 55. Ke4 Rb3 56. Kf4 Kf6 57. Rxh5 Rxb4+ 58. e4 1-0

[Event "Wch U14"]
[Site "Kemer"]
[Date "2009.11.21"]
[Round "10"]
[White "Neumair, Jerome"]
[Black "Grigoryan, Karen H"]
[Result "0-1"]
[WhiteElo "2013"]
[BlackElo "2211"]
[PlyCount "76"]
[EventDate "2009.11.12"]
[EventType "swiss"]
[EventRounds "11"]
[EventCountry "TUR"]
[SourceTitle "EXT 2010"]
[Source "ChessBase"]
[SourceDate "2010.11.25"]
[SourceVersion "1"]
[SourceVersionDate "2010.11.25"]
[SourceQuality "1"]

1. d4 c5 2. d5 g6 3. c4 Bg7 4. Nc3 Bxc3+ 5. bxc3 Qa5 6. Qb3 Nf6 7. f3 d6 8. Bd2 Nbd7 9. e4 Nb6 10. Qb5+ Qxb5 11. cxb5 a6 12. bxa6 bxa6 13. Bd3 Nfd7 14. Ne2 Ne5 15. Bc2 a5 16. Bh6 Nec4 17. Kf2 Na3 18. Bd3 Ba6 19. Nf4 Kd7 20. e5 Bxd3 21. e6+ Ke8 22. Nxd3 Nxd5 23. Rae1 Rg8 24. exf7+ Kxf7 25. Bg5 Ra7 26. Rc1 c4 27. Nf4 Nxf4 28. Bxf4 Rb7 29. Rhe1 Rb2+ 30. Re2 Rxe2+ 31. Kxe2 Rb8 32. Rd1 Nb1 33. Rc1 Rb2+ 34. Ke3 Na3 35. Ke4 Rxg2 36. Kd5 Rf2 37. Be3 Rxf3 38. Bb6 Rf5+ 0-1